| 000 | 01103nam0a2200325 4500 | ||
|---|---|---|---|
| 001 | RU\NLR\bibl\426747 | ||
| 005 | 20250622175358.0 | ||
| 010 |
_a5-8071-0129-4 _92000 |
||
| 021 |
_aRU _b2003-39908 _91897 |
||
| 035 | _a(NLR Aleph) 000420630 | ||
| 090 |
_a692658 _c692658 |
||
| 100 | _a20030807d2003 |||y0rusy50 ca | ||
| 101 | 0 | _arus | |
| 102 | _aRU | ||
| 105 | _aa ||||||||| | ||
| 200 | 1 |
_aЖанна д'Арк _eФакты, легенды, гипотезы _fВ.И. Райцес |
|
| 210 |
_aСПб. _cЕвразия _d2003 |
||
| 215 |
_a243,[1] с. _cил., портр. _d20 |
||
| 225 | 1 | _aClio personalis | |
| 320 | _aБиблиогр.: с. 237-243 (107 назв.) | ||
| 600 | 0 |
_aЖанна д'Арк _f1412-1431 _2psbo |
|
| 600 | 0 |
_aЖанна д'Арк _fок. 1412 - 1431 _91027437 _3RU\NLR\auth\66393469 |
|
| 686 | _aТ3(4Фр)42-8 | ||
| 700 | 1 |
_4070 _7ca _8rus _aРайцес _bВ. И. _f1928-1995 _gВладимир Ильич _9262306 _3RU\NLR\AUTH\770262362 |
|
| 801 | 0 |
_aRU _bNLR _c20030807 _gPSBO |
|
| 801 | 1 |
_aRU _bNLR _c20030807 |
|
| 942 | _cBOOK | ||
| 980 | _aNB | ||